Walton`s Executors v Inland Revenue Commissioners (Record no. 19743)
[ view plain ]
| 000 -LEADER | |
|---|---|
| fixed length control field | 01760cab a2200313 4500 |
| 001 - CONTROL NUMBER | |
| control field | ABS51477 |
| 008 - FIXED-LENGTH DATA ELEMENTS--GENERAL INFORMATION | |
| fixed length control field | 090401t1994 xxu||||| |||| 00| 0 eng d |
| 035 ## - SYSTEM CONTROL NUMBER | |
| System control number | (Sirsi) u29309 |
| 041 ## - LANGUAGE CODE | |
| Language code of text/sound track or separate title | eng |
| 245 ## - TITLE STATEMENT | |
| Title | Walton`s Executors v Inland Revenue Commissioners |
| 260 ## - PUBLICATION, DISTRIBUTION, ETC. | |
| Date of publication, distribution, etc. | 1994 |
| 350 ## - PRICE (NR) (BK AM CF MU VM SE) [OBSOLETE] | |
| Price | 0 |
| 490 ## - SERIES STATEMENT | |
| Series statement | Estates Gazette |
| Volume/sequential designation | 1994 38 EG 161-166(6) |
| 520 ## - SUMMARY, ETC. | |
| Summary, etc. | LT 11 March 1994. Appeal against a notice of determination under the Finance Act 1975 Sched 4 para 6 on the valuation of the deceased`s half share in an agricultural tenancy. The half share was regarded as a partnership asset whereby representatives of the deceased tenant must ensure that the benefit of the tenancy is transferred to the surviving or continuing partner. In this instance, the deceased`s partner son was the sole surviving tenant by right of survivorship. The tenancy was not assignable without consent of the landlord. LT rejected the Commissioners proposal that the value should be based on the vacant possession premium deciding that the property should be valued as an undivided beneficial interest in the joint tenancy as a partnership interest. Ruled that the value of the entire tenancy was £12,645 plus a sum in respect of improvements and tenant-right. The value of the deceased`s estate was £6300. |
| 650 ## - SUBJECT ADDED ENTRY--TOPICAL TERM | |
| Topical term or geographic name entry element | PROPERTY-LANDLORD AND TENANT-TENANCIES-AGRICULTURAL TENANCIES |
| 650 ## - SUBJECT ADDED ENTRY--TOPICAL TERM | |
| Topical term or geographic name entry element | CAPITAL TRANSFER TAX |
| 650 ## - SUBJECT ADDED ENTRY--TOPICAL TERM | |
| Topical term or geographic name entry element | HALF SHARE |
| 650 ## - SUBJECT ADDED ENTRY--TOPICAL TERM | |
| Topical term or geographic name entry element | HEADLEY WALTON |
| 650 ## - SUBJECT ADDED ENTRY--TOPICAL TERM | |
| Topical term or geographic name entry element | INLAND REVENUE COMMISSIONERS |
| 650 ## - SUBJECT ADDED ENTRY--TOPICAL TERM | |
| Topical term or geographic name entry element | JOINT TENANCY |
| 650 ## - SUBJECT ADDED ENTRY--TOPICAL TERM | |
| Topical term or geographic name entry element | PARTNERSHIP SHARE |
| 650 ## - SUBJECT ADDED ENTRY--TOPICAL TERM | |
| Topical term or geographic name entry element | TENANTS IN COMMON |
| 650 ## - SUBJECT ADDED ENTRY--TOPICAL TERM | |
| Topical term or geographic name entry element | Valuation |
| 9 (RLIN) | 6273 |
| 650 ## - SUBJECT ADDED ENTRY--TOPICAL TERM | |
| Topical term or geographic name entry element | VALUE |
| 650 ## - SUBJECT ADDED ENTRY--TOPICAL TERM | |
| Topical term or geographic name entry element | WALTON CASE |
| 690 ## - LOCAL SUBJECT ADDED ENTRY--TOPICAL TERM (OCLC, RLIN) | |
| Topical term or geographic name as entry element | TAXATION-CASE LAW |
| 942 ## - ADDED ENTRY ELEMENTS (KOHA) | |
| Suppress in OPAC | 0 |
| 948 ## - LOCAL PROCESSING INFORMATION (OCLC); SERIES PART DESIGNATOR (RLIN) | |
| c (OCLC) | 04/03/1997 |
| Withdrawn status | Lost status | Source of classification or shelving scheme | Damaged status | Not for loan | Home library | Current library | Shelving location | Date acquired | Total Checkouts | Full call number | Barcode | Date last seen | Copy number | Price effective from | Koha item type |
|---|---|---|---|---|---|---|---|---|---|---|---|---|---|---|---|
| Dewey Decimal Classification | London | London | Journal article | 14/09/1999 | ABS51477 | 29309-1001 | 06/08/2019 | 1 | 06/08/2019 | Law report |